000
00331nam a2200145Ia 4500
008
150301s2015 xx 000 0 und d
082
_a
611
_b
H10S
100
_a
INDERBIR SINGH
245
_a
TB OF HUMAN NEURO ANATOMY
250
_a
8TH
260
_b
JEUYPEE MED PUB
300
_a
310
650
_a
PHARMACEUTICS
942
_2
ddc
_c
BK
999
_c
7203
_d
7203